The navy at war : paintings and drawings /

Bibliographic Details
Main Author: Baldwin, Hanson Weightman, 1903-1991
Other Authors: Coale, Griffith Baily, 1890-
Format: Book
Language:English
Published: New York : W. Morrow, [1943]
Subjects:

MARC

Tag First Indicator Second Indicator Subfields
LEADER 00000cam a2200000 4500
001 in00000090843
005 20151008063755.0
008 750521s1943 nyua 00000 eng
010 |a  43017241  
035 |a (OCoLC)01348784 
035 |9 AAK2905AM 
040 |c ORL  |d OCL  |d m.c.  |d TXA  |d UtOrBLW 
049 |a TXAM  |c 1 [710254], 2 [134659]  |a TXAS [mil]  |c 3 
050 0 0 |a D773  |b .B3 
082 0 |a 940.545973 
100 1 |a Baldwin, Hanson Weightman,  |d 1903-1991. 
245 1 4 |a The navy at war :  |b paintings and drawings /  |c by combat artists, Griffith Baily Coale [and others] ; with a commentary by Hanson W. Baldwin and an introduction by A.J. Hepburn. 
264 1 |a New York :  |b W. Morrow,  |c [1943] 
264 4 |c ©1943 
300 |a 159 pages :  |b illustrations (some color) ;  |c 28 x 20 cm. 
336 |a text  |b txt  |2 rdacontent 
337 |a unmediated  |b n  |2 rdamedia 
338 |a volume  |b nc  |2 rdacarrier 
610 1 0 |a United States.  |b Navy. 
650 0 |a World War, 1939-1945  |x Naval operations. 
650 0 |a World War, 1939-1945  |v Pictorial works. 
700 1 |a Coale, Griffith Baily,  |d 1890- 
999 |a MARS 
999 f f |s e028d457-9ab7-396a-bc70-bd0556cbbc11  |i 530efab2-adf3-3bb4-88bb-cb0f260dc18c  |t 0 
952 f f |p ric  |a Texas A&M University  |b Rellis Campus  |c Joint Library Facility  |s JLF  |d Remote Storage  |t 0  |e D773 .B3  |h Library of Congress classification  |i unmediated -- volume  |m A14801895112 
952 f f |p noncirc  |a Texas A&M University  |b College Station  |c Cushing Memorial Library & Archives  |s cush mil  |d Cushing: Ragan Military (Does not check out)  |t 0  |e D773 .B3  |h Library of Congress classification  |i unmediated -- volume  |m A14852653287 
998 f f |a D773 .B3  |t 0  |l Cushing: Ragan Military (Does not check out) 
998 f f |a D773 .B3  |t 0  |l Remote Storage